LEADER 01103cam0-2200361---450- 001 990004240910403321 005 20141106151925.0 010 $a3-423-59041-6 035 $a000424091 035 $aFED01000424091 035 $a(Aleph)000424091FED01 035 $a000424091 100 $a19990604d2000----km-y0itay50------ba 101 0 $ager 102 $aDE 105 $a--------001zy 200 1 $aWerke in fünf Bänden$fSara Kirsch 210 $aMünchen$cDeutscher Taschenbuch Verlag$d2000 215 $a5 v.$d20 cm 327 1 $a1.: Gedichte 1$a2.: Gedichte 2$a3.: Gedichte 3$a4.: Prosa 1$a5.: Prosa 2 676 $a838.914 700 1$aKirsch,$bSarah$0167533 801 0$aIT$bUNINA$gRICA$2UNIMARC 901 $aBK 912 $a990004240910403321 952 $a838.914 KIRS 1(1)$bBibl.37431$fFLFBC 952 $a838.914 KIRS 1(2)$bBibl.37431$fFLFBC 952 $a838.914 KIRS 1(3)$bBibl.37431$fFLFBC 952 $a838.914 KIRS 1(4)$bBibl.37431$fFLFBC 952 $a838.914 KIRS 1(5)$bBibl.37431$fFLFBC 959 $aFLFBC 996 $aWerke in fünf Bänden$9481358 997 $aUNINA LEADER 01056nam 2200361 450 001 9910317670203321 005 20221007123012.0 010 $a953-51-4876-1 010 $a953-51-3034-X 035 $a(CKB)4970000000099382 035 $a(NjHacI)994970000000099382 035 $a(EXLCZ)994970000000099382 100 $a20221007d2017 uy 0 101 0 $aeng 135 $aur||||||||||| 181 $ctxt$2rdacontent 182 $cc$2rdamedia 183 $acr$2rdacarrier 200 00$aInsect Physiology and Ecology /$fedited by Vonnie D.C. Shields 210 1$a[Place of publication not identified] :$cIntechOpen,$d2017. 215 $a1 online resource (264 pages) 311 $a953-51-3033-1 320 $aIncludes bibliographical references and index. 606 $aAnimal culture 615 0$aAnimal culture. 676 $a590.3 702 $aShields$b Vonnie D. C. 801 0$bNjHacI 801 1$bNjHacl 906 $aBOOK 912 $a9910317670203321 996 $aInsect Physiology and Ecology$92210995 997 $aUNINA